000
00247nam a2200121Ia 4500
100
_a
Anshuman Kit
942
_c
BK
654
_a
Application notes
245
_a
Application notes on anshuman
260
_b
none
546
_a
ENGLISH
999
_c
30601
_d
30601